00573nam a2200169Ia 4500008004000000020001500040082001300055100001800068245005000086260005700136300000800193650003900201690001700240906001100257999001700268952011800285210210b1992 xxu||||| |||| 00| 0 eng d a8110420237 a576 BENA aBENN (R A V). aAids to microbiology and infectious diseases. aNew DelhibB I Churchill Livingstone Pvt Ltd.,c1992 a283 aMicrobiology Infectious Diseases  aMicrobiology a046496 c95428d95428 001040708BiologyaALbALcBiologyd2021-02-17g65.00l0o576 BENAp046496r2021-02-17 00:00:00w2021-02-17yBK